Vista normal Vista MARC

Entrada Personal Name

Número de registros utilizados en: 2

001 - CONTROL NUMBER

  • control field: 2028

003 - CONTROL NUMBER IDENTIFIER

  • control field: OSt

005 - DATE AND TIME OF LATEST TRANSACTION

  • control field: 20230512193812.0

008 - FIXED-LENGTH DATA ELEMENTS

  • fixed length control field: 230512|| aca||aabn | a|a d

040 ## - CATALOGING SOURCE

  • Original cataloging agency: OSt
  • Transcribing agency: OSt

100 ## - HEADING--PERSONAL NAME

  • Personal name: Osorno, Laura

670 ## - SOURCE DATA FOUND

  • Source citation: Work cat.: (OSt)0: Eco s.o.s.









Instituto Departamental de Cultura del Meta - Red Departamental de Bibliotecas Públicas del Meta.